| 000 | 00763nam a2200217 a 4500 | ||
|---|---|---|---|
| 001 | 12768 | ||
| 003 | CO-ViMGA | ||
| 008 | 141112s2004 ck r 000 u spa d | ||
| 040 |
_aCO-ViMGA _bspa _cCO-ViMGA |
||
| 082 | 0 | 4 | _a350.002 B15 |
| 110 |
_aBanco Mundial _918489 |
||
| 245 | 1 | 0 |
_aColombia : _bEstudio sobre la capacidad de los Gobiernos Locales : _bMás allá de la Asistencia Tecnica |
| 260 |
_aWashington : _bThe World Bank, _cDepartamento III División de Operaciones I América Latina y el caribe, _c1995 |
||
| 300 | _a60p. : il.5 | ||
| 490 | _aDocumento del Banco Mundial - informe | ||
| 590 | _aEjemplares : 3 | ||
| 650 | 1 | 4 | _aDESCENTRALIZACION ADMINISTRATIVA |
| 650 | 1 | 4 |
_aGOBIERNO LOCAL - COLOMBIA _918490 |
| 650 | 1 | 4 | _aLIDERAZGO |
| 942 |
_2ddc _cBK |
||
| 999 |
_c23712 _d23712 |
||